000 00350 a2200157 4500
001 164548
020 _a
040 _cMagnum
100 _aMachado, Ana Maria
240 1 0 _aA grande aventura de maria fumaca
_lpor
245 1 0 _aA grande aventura de maria fumaca
362 0 _a1899
440 1 _aSalamandra
697 _aIJ/FICCAO
942 _cBK
999 _c164548
_d164548